• 首页
  • 本馆介绍
  • 公告通知
  • 最新文献
  • 馆藏检索
  • 电子资源
  • 读者导购
  • 参考咨询
  • 我的图书馆
  • 登录
  • 详细信息显示
  • 放入我的书架
  • 预约/预借图书
  • 作者相关作品
  • 分类相关作品
  • 丛书相关作品
  • 出版社相关作品

书目信息

  • 表格格式
  • 工作单格式
  • 卡片格式
题名:
天体物理公式
    
 
作者: 兰 , Lang 著 ;杨建 译
分册:  
出版信息: 上海   上海科学技术出版社  1983
页数: 473页
开本: 25cm
丛书名:
单 册:
中图分类: P14
科图分类:
主题词: 天体物理学
电子资源:
ISBN:
000 00697nam0 2200265 45
001 0183006362
005 20040908085221.6
010    @dCNY3.45
091    @a13119.1039
100    @a19950724d1983 em y0chiy0121 ea
101 1  @achi@ceng
102    @aCN@b310000
105    @ay o 000yy
106    @ar
200 10 @a天体物理公式@Atian ti wu li gong shi@f(美)兰(Lang,K.R.)著@g杨建译
210    @a上海@c上海科学技术出版社@d1983
215    @a473页@d25cm
606 0  @a天体物理学
690    @aP14
701  1 @a兰@Alan@bK.R.@4著
701 A1 @aLang@bK.R.@4著
702  0 @a杨建@Ayang jian@4译
801  0 @aCN@b上海图书馆@c20040908
801  2 @aCN@bNLC@c20040908
905    @f1@b100206@dP14@e19
    
    天体物理公式/(美)兰(Lang,K.R.)著/杨建译.-上海:上海科学技术出版社,1983
    473页;25cm
    
    
    ISBN :CNY3.45
    
●
相关链接 在E读中查询图书 在五车中查询图书 在当当中查询图书 在豆瓣中查询图书


正题名:天体物理公式     索取号:P14/19         预约/预借

序号 登录号 条形码 馆藏地/架位号 状态 备注
1 0100206   001949128   第三借阅区/ [索取号:P14/19] 在馆    
2 0100207   000628217   第二样本阅览室/ [索取号:P14/19] 在馆    
唐山师范学院图书馆 欢迎您!
大连网信软件有限公司© 版权所有